Logo BPK

Biblioteka

Politechniki Koszalińskiej

Systems analysis and modelling approaches : (Rekord nr 20673)

Szczegóły MARC
000 -ETYKIETA REKORDU
podpole kontrolne o stałej długości 00483nam a2200133 i 4500
001 - NUMER KONTROLNY REKORDU
pole kontrolne bg
040 ## - ŹRÓDŁO KATALOGOWANIA
Instytucja, która utworzyła rekord BPK
041 ## - KOD JĘZYKA
Kod języka tekstu pol
080 ## - UNIWERSALNA KLASYFIKACJA DZIESIĘTNA - UKD
UKD 502.7:577.4]:007(061)
008 - POLE O STAŁEJ DŁUGOŚCI - DANE KONTROLNE
podpole kontrolne o stałej długości s pl f |000 0 pol
245 #0 - TYTUŁ/ODPOWIEDZIALNOŚĆ
Tytuł Systems analysis and modelling approaches :
Ciąg dalszy tytułu proceedings of IFAC/UNESCO workshop held at Zakopane, Poland September 17-22, 1973 /
Pozostałe elementy strefy tytułu i oznaczenia odpowiedzialności ed. by R. M. Dmowski.
260 ## - STREFA ADRESU WYDAWNICZEGO
Miejsce wydania Warsaw :
Nazwa wydawcy/dystrybutora Institute of Applied Cybernetics Polish Academy of Sciences,
Data publikacji, dystrybucji/powstania dokumentu 1974.
856 ## - LOKALIZACJA I DOSTĘP DO ELEKTRONICZNYCH DOKUMENTÓW ZDALNYCH
Link (URL) http://koha.tu.koszalin.pl/cgi-bin/koha/opac-detail.pl?biblionumber=20673
Tekst linku Katalog online BPK
942 ## - DODATKOWE ELEMENTY (KOHA)
Typ dokumentu Książka
Egzemplarze
Wycofany Status egzemplarza Uszkodzony Dostępność Lokalizacja stała Lokalizacja bieżąca Miejsce przechowywania Sygnatura Kod kreskowy Typ dokumentu
      Dostępny Biblioteka Politechniki Koszalińskiej Biblioteka Politechniki Koszalińskiej Wypożyczalnia BG 29084 01928563 Książka
© 2023 Biblioteka Politechniki Koszalińskiej :: KOHA